000 00633nam a2200217Ia 4500
005 20241129110212.0
008 241129s9999||||xx |||||||||||||| ||und||
020 _a978-1-7936-1505-3
037 _aTB
040 _aARTS
_beng
_cARTS
041 _aeng
_2eng
084 _aV6:594 R0
_qARTS
100 _aOnditi Francis Au.
_9727459
245 0 _aConflictology: systems, institutions, and mechanisms in Africa
_cOnditi Francis Au.
260 _aMaryland
_bLanham Lexington Books
_c2023
300 _axii,481p.
365 _aUKP
_b111
650 _aHistory-Africa
942 _cTB
_hV6:594 R0
999 _c1227696
_d1227696